[Event "DEM U14 2024"]
[Site "Willingen GER"]
[Date "2024.05.24"]
[Round "8"]
[White "Savchuk, Alexander"]
[Black "Aniol, Nico"]
[Result "1-0"]
[Termination "normal"]
[Board "18"]
[WhiteElo "1865"]
[BlackElo "1860"]
[WhiteClock "00:21:40"]
[BlackClock "00:05:09"]
[PlyCount "93"]
[WhiteFideId "34617434"]
[BlackFideId "16287096"]
[EventCountry "GER"]
[EventRounds "9"]
[EventType "swiss"]
[EventDate "2024.05.18"]

1. e4 {[%clk 01:30:53]} {[%emt 00:00:06]} c5 {[%clk 01:30:55]} {[%emt
00:00:05]} 2. Nf3 {[%clk 01:31:14]} {[%emt 00:00:09]} Nc6 {[%clk 01:31:19]}
{[%emt 00:00:06]} 3. Nc3 {[%clk 01:31:32]} {[%emt 00:00:12]} g6 {[%clk
01:31:42]} {[%emt 00:00:07]} 4. d4 {[%clk 01:31:49]} {[%emt 00:00:14]} cxd4
{[%clk 01:32:07]} {[%emt 00:00:03]} 5. Nxd4 {[%clk 01:32:06]} {[%emt 00:00:13]}
Bg7 {[%clk 01:32:33]} {[%emt 00:00:04]} 6. Be3 {[%clk 01:32:29]} {[%emt
00:00:07]} Nf6 {[%clk 01:32:51]} {[%emt 00:00:12]} 7. Nxc6 {[%clk 01:32:30]}
{[%emt 00:00:30]} bxc6 {[%clk 01:31:08]} {[%emt 00:02:13]} 8. e5 {[%clk
01:32:47]} {[%emt 00:00:13]} Nd5 {[%clk 01:29:09]} {[%emt 00:02:29]} 9. Nxd5
{[%clk 01:33:06]} {[%emt 00:00:10]} cxd5 {[%clk 01:29:34]} {[%emt 00:00:05]}
10. Qxd5 {[%clk 01:33:29]} {[%emt 00:00:07]} Rb8 {[%clk 01:29:43]} {[%emt
00:00:21]} 11. O-O-O {[%clk 01:33:51]} {[%emt 00:00:08]} Bb7 {[%clk 01:26:22]}
{[%emt 00:03:52]} 12. Qd2 {[%clk 01:33:18]} {[%emt 00:01:02]} Bc6 {[%clk
01:18:27]} {[%emt 00:08:26]} 13. Bd4 {[%clk 01:26:24]} {[%emt 00:07:23]} O-O
{[%clk 01:15:25]} {[%emt 00:03:32]} 14. h4 {[%clk 01:25:33]} {[%emt 00:01:21]}
Qc7 {[%clk 01:03:07]} {[%emt 00:12:48]} 15. f4 {[%clk 01:20:52]} {[%emt
00:05:10]} Rfc8 {[%clk 00:47:40]} {[%emt 00:15:57]} 16. Bd3 {[%clk 01:08:12]}
{[%emt 00:13:10]} Bb5 {[%clk 00:42:05]} {[%emt 00:06:05]} 17. h5 {[%clk
01:06:27]} {[%emt 00:02:15]} Bxd3 {[%clk 00:41:15]} {[%emt 00:01:19]} 18. Qxd3
{[%clk 01:06:49]} {[%emt 00:00:07]} Qc4 {[%clk 00:37:58]} {[%emt 00:03:48]} 19.
Qxc4 {[%clk 00:56:20]} {[%emt 00:11:00]} Rxc4 {[%clk 00:38:21]} {[%emt
00:00:07]} 20. h6 {[%clk 00:43:38]} {[%emt 00:13:12]} Bf8 {[%clk 00:34:48]}
{[%emt 00:04:02]} 21. Bxa7 {[%clk 00:43:54]} {[%emt 00:00:15]} Ra8 {[%clk
00:35:14]} {[%emt 00:00:05]} 22. Rxd7 {[%clk 00:43:34]} {[%emt 00:00:49]} Rxf4
{[%clk 00:34:35]} {[%emt 00:01:09]} 23. b3 {[%clk 00:41:19]} {[%emt 00:02:45]}
Re4 {[%clk 00:33:14]} {[%emt 00:01:51]} 24. e6 {[%clk 00:34:56]} {[%emt
00:06:53]} Rxe6 {[%clk 00:32:40]} {[%emt 00:01:04]} 25. a4 {[%clk 00:34:17]}
{[%emt 00:01:09]} Re2 {[%clk 00:26:52]} {[%emt 00:06:17]} 26. Bc5 {[%clk
00:29:36]} {[%emt 00:05:11]} Rc8 {[%clk 00:24:13]} {[%emt 00:03:09]} 27. b4
{[%clk 00:29:54]} {[%emt 00:00:13]} e6 {[%clk 00:24:37]} {[%emt 00:00:06]} 28.
Rhd1 {[%clk 00:30:04]} {[%emt 00:00:19]} Bxh6+ {[%clk 00:23:00]} {[%emt
00:02:08]} 29. Kb2 {[%clk 00:30:07]} {[%emt 00:00:27]} Bg5 {[%clk 00:19:00]}
{[%emt 00:04:29]} 30. a5 {[%clk 00:29:52]} {[%emt 00:00:45]} Ra8 {[%clk
00:16:23]} {[%emt 00:03:08]} 31. Be7 {[%clk 00:26:41]} {[%emt 00:03:40]} Bxe7
{[%clk 00:12:46]} {[%emt 00:04:09]} 32. Rxe7 {[%clk 00:27:05]} {[%emt
00:00:06]} Rc8 {[%clk 00:12:26]} {[%emt 00:00:49]} 33. Rc1 {[%clk 00:27:14]}
{[%emt 00:00:21]} Kf8 {[%clk 00:12:30]} {[%emt 00:00:26]} 34. Ra7 {[%clk
00:27:14]} {[%emt 00:00:29]} Rb8 {[%clk 00:11:03]} {[%emt 00:01:58]} 35. Kb3
{[%clk 00:27:20]} {[%emt 00:00:24]} h5 {[%clk 00:11:08]} {[%emt 00:00:25]} 36.
a6 {[%clk 00:27:30]} {[%emt 00:00:20]} Rd2 {[%clk 00:09:39]} {[%emt 00:01:59]}
37. Rb7 {[%clk 00:27:15]} {[%emt 00:00:45]} Ra8 {[%clk 00:08:28]} {[%emt
00:01:40]} 38. a7 {[%clk 00:27:23]} {[%emt 00:00:23]} Rdd8 {[%clk 00:07:53]}
{[%emt 00:01:04]} 39. Rf1 {[%clk 00:26:07]} {[%emt 00:01:46]} f5 {[%clk
00:07:51]} {[%emt 00:00:33]} 40. Re1 {[%clk 00:25:10]} {[%emt 00:01:26]} Re8
{[%clk 00:07:12]} {[%emt 00:01:10]} 41. Re5 {[%clk 00:22:47]} {[%emt 00:02:54]}
g5 {[%clk 00:05:42]} {[%emt 00:02:00]} 42. Rc5 {[%clk 00:23:06]} {[%emt
00:00:09]} h4 {[%clk 00:05:34]} {[%emt 00:00:39]} 43. Rcc7 {[%clk 00:23:28]}
{[%emt 00:00:08]} g4 {[%clk 00:04:43]} {[%emt 00:01:20]} 44. Rg7 {[%clk
00:21:34]} {[%emt 00:02:23]} Red8 {[%clk 00:04:42]} {[%emt 00:00:32]} 45. Rbf7+
{[%clk 00:21:39]} {[%emt 00:00:24]} Ke8 {[%clk 00:05:05]} {[%emt 00:00:09]} 46.
Rh7 {[%clk 00:21:31]} {[%emt 00:00:38]} h3 {[%clk 00:05:09]} {[%emt 00:00:26]}
47. Rb7 {[%clk 00:21:40]} {[%emt 00:00:21]} 1-0

[Event "DEM U14 2024"]
[Site "Willingen GER"]
[Date "2024.05.24"]
[Round "8"]
[White "Xue, Luka"]
[Black "Ollhoff, Hannes"]
[Result "1/2-1/2"]
[Termination "normal"]
[Board "20"]
[WhiteElo "2097"]
[BlackElo "1755"]
[WhiteClock "01:10:15"]
[BlackClock "00:43:56"]
[PlyCount "53"]
[WhiteFideId "16277252"]
[BlackFideId "16266927"]
[EventCountry "GER"]
[EventRounds "9"]
[EventType "swiss"]
[EventDate "2024.05.18"]

1. d4 {[%clk 01:30:59]} d5 {[%emt 00:00:07]} 2. c4 {[%emt 00:00:05]} e6 {[%clk
01:31:09]} {[%emt 00:00:11]} 3. Nc3 {[%clk 01:31:56]} {[%emt 00:00:02]} h6
{[%clk 01:31:32]} {[%emt 00:00:07]} 4. cxd5 {[%clk 01:31:05]} {[%emt 00:01:20]}
exd5 {[%clk 01:31:54]} {[%emt 00:00:08]} 5. Bf4 {[%clk 01:31:33]} {[%emt
00:00:02]} c6 {[%clk 01:32:10]} {[%emt 00:00:15]} 6. e3 {[%clk 01:31:56]}
{[%emt 00:00:07]} Bf5 {[%clk 01:31:10]} {[%emt 00:01:30]} 7. Nf3 {[%clk
01:31:13]} {[%emt 00:01:13]} Bd6 {[%clk 01:28:56]} {[%emt 00:02:44]} 8. Bxd6
{[%clk 01:28:53]} {[%emt 00:02:50]} Qxd6 {[%clk 01:29:01]} {[%emt 00:00:24]} 9.
Bd3 {[%clk 01:29:11]} {[%emt 00:00:12]} Bxd3 {[%clk 01:28:45]} {[%emt
00:00:46]} 10. Qxd3 {[%clk 01:29:38]} {[%emt 00:00:04]} Nf6 {[%clk 01:28:06]}
{[%emt 00:01:09]} 11. O-O {[%clk 01:30:00]} {[%emt 00:00:08]} O-O {[%clk
01:28:16]} {[%emt 00:00:19]} 12. Rab1 {[%clk 01:30:05]} {[%emt 00:00:26]} Nbd7
{[%clk 01:25:58]} {[%emt 00:02:48]} 13. b4 {[%clk 01:30:00]} {[%emt 00:00:35]}
a6 {[%clk 01:21:37]} {[%emt 00:04:50]} 14. a4 {[%clk 01:29:09]} {[%emt
00:01:22]} Nb6 {[%clk 01:20:10]} {[%emt 00:01:57]} 15. Ne5 {[%clk 01:28:39]}
{[%emt 00:00:59]} Rfe8 {[%clk 01:15:21]} {[%emt 00:05:19]} 16. a5 {[%clk
01:27:53]} {[%emt 00:01:16]} Nbd7 {[%clk 01:13:35]} {[%emt 00:02:16]} 17. f4
{[%clk 01:22:31]} {[%emt 00:05:52]} Qe7 {[%clk 01:10:12]} {[%emt 00:03:54]} 18.
Na4 {[%clk 01:21:07]} {[%emt 00:01:54]} Ne4 {[%clk 01:08:29]} {[%emt 00:02:12]}
19. Nxd7 {[%clk 01:18:44]} {[%emt 00:02:54]} Qxd7 {[%clk 01:08:44]} {[%emt
00:00:14]} 20. Nb6 {[%clk 01:18:52]} {[%emt 00:00:22]} Qe7 {[%clk 01:02:45]}
{[%emt 00:06:29]} 21. Nxa8 {[%clk 01:18:31]} {[%emt 00:00:52]} Rxa8 {[%clk
01:02:56]} {[%emt 00:00:19]} 22. f5 {[%clk 01:14:02]} {[%emt 00:04:59]} Re8
{[%clk 00:59:24]} {[%emt 00:04:02]} 23. Rf3 {[%clk 01:11:11]} {[%emt 00:03:20]}
Ng5 {[%clk 00:54:50]} {[%emt 00:05:04]} 24. Rg3 {[%clk 01:11:31]} {[%emt
00:00:10]} Ne4 {[%clk 00:54:52]} {[%emt 00:00:29]} 25. Rh3 {[%clk 01:11:26]}
{[%emt 00:00:34]} Ng5 {[%clk 00:43:40]} {[%emt 00:11:42]} 26. Rg3 {[%clk
01:11:02]} {[%emt 00:00:55]} Ne4 {[%clk 00:43:56]} {[%emt 00:00:14]} 27. Rf3
{[%clk 01:10:15]} {[%emt 00:01:17]} 1/2-1/2

[Event "DEM U14 2024"]
[Site "Willingen GER"]
[Date "2024.05.24"]
[Round "8"]
[White "Bangert, Jonas"]
[Black "Uyar, Levin"]
[Result "1-0"]
[Termination "normal"]
[Board "21"]
[WhiteElo "1772"]
[BlackElo "1868"]
[WhiteClock "00:25:28"]
[BlackClock "00:05:18"]
[PlyCount "39"]
[WhiteFideId "16289650"]
[BlackFideId "16282108"]
[EventCountry "GER"]
[EventRounds "9"]
[EventType "swiss"]
[EventDate "2024.05.18"]

1. d4 {[%clk 01:30:58]} {[%emt 00:00:03]} d5 {[%clk 01:30:51]} {[%emt
00:00:08]} 2. c4 {[%clk 01:31:24]} {[%emt 00:00:04]} e5 {[%clk 01:30:29]}
{[%emt 00:00:52]} 3. cxd5 {[%clk 01:30:54]} {[%emt 00:01:01]} Qxd5 {[%clk
01:30:17]} {[%emt 00:00:41]} 4. Nf3 {[%clk 01:31:16]} {[%emt 00:00:08]} Nc6
{[%clk 01:19:46]} {[%emt 00:11:02]} 5. Nc3 {[%clk 01:26:43]} {[%emt 00:05:03]}
Bb4 {[%clk 01:15:11]} {[%emt 00:05:04]} 6. Bd2 {[%clk 01:20:15]} {[%emt
00:06:58]} Bxc3 {[%clk 01:15:26]} {[%emt 00:00:15]} 7. Bxc3 {[%clk 01:20:32]}
{[%emt 00:00:13]} e4 {[%clk 01:15:15]} {[%emt 00:00:42]} 8. Nd2 {[%clk
01:19:10]} {[%emt 00:01:52]} Nf6 {[%clk 01:07:45]} {[%emt 00:07:59]} 9. e3
{[%clk 01:18:50]} {[%emt 00:00:51]} Be6 {[%clk 00:58:31]} {[%emt 00:09:42]} 10.
Bc4 {[%clk 00:54:43]} {[%emt 00:24:38]} Qg5 {[%clk 00:56:02]} {[%emt 00:02:59]}
11. Bxe6 {[%clk 00:55:08]} {[%emt 00:00:06]} Qxg2 {[%clk 00:55:04]} {[%emt
00:01:27]} 12. Bxf7+ {[%clk 00:55:34]} {[%emt 00:00:04]} Kxf7 {[%clk 00:55:23]}
{[%emt 00:00:11]} 13. Qb3+ {[%clk 00:55:57]} {[%emt 00:00:07]} Ke7 {[%clk
00:31:40]} {[%emt 00:24:13]} 14. O-O-O {[%clk 00:55:09]} {[%emt 00:01:18]} Qxf2
{[%clk 00:27:52]} {[%emt 00:04:17]} 15. Qxb7 {[%clk 00:36:22]} {[%emt
00:19:17]} Kd7 {[%clk 00:26:40]} {[%emt 00:01:39]} 16. d5 {[%clk 00:34:18]}
{[%emt 00:02:38]} Ne7 {[%clk 00:11:46]} {[%emt 00:15:22]} 17. d6 {[%clk
00:29:37]} {[%emt 00:05:12]} Ned5 {[%clk 00:04:58]} {[%emt 00:07:17]} 18. Bxf6
{[%clk 00:25:18]} {[%emt 00:04:50]} Nxf6 {[%clk 00:04:58]} {[%emt 00:00:30]}
19. Qxc7+ {[%clk 00:25:02]} {[%emt 00:00:46]} Ke6 {[%clk 00:05:18]} {[%emt
00:00:09]} 20. Qe7+ {[%clk 00:25:28]} {[%emt 00:00:05]} 1-0

[Event "DEM U14 2024"]
[Site "Willingen GER"]
[Date "2024.05.24"]
[Round "8"]
[White "Henn, Jakob"]
[Black "Schöne, Finn"]
[Result "0-1"]
[Termination "normal"]
[Board "22"]
[WhiteElo "1760"]
[BlackElo "1815"]
[WhiteClock "00:00:58"]
[BlackClock "01:25:57"]
[PlyCount "124"]
[WhiteFideId "34675060"]
[BlackFideId "34623493"]
[EventCountry "GER"]
[EventRounds "9"]
[EventType "swiss"]
[EventDate "2024.05.18"]

1. e4 {[%clk 01:30:52]} {[%emt 00:00:08]} c5 {[%clk 01:30:57]} {[%emt
00:00:03]} 2. Nf3 {[%clk 01:30:55]} {[%emt 00:00:26]} e6 {[%clk 01:31:23]}
{[%emt 00:00:05]} 3. c3 {[%clk 01:31:15]} {[%emt 00:00:10]} d5 {[%clk
01:31:50]} {[%emt 00:00:03]} 4. exd5 {[%clk 01:31:22]} {[%emt 00:00:23]} Qxd5
{[%clk 01:32:17]} {[%emt 00:00:02]} 5. d4 {[%clk 01:31:21]} {[%emt 00:00:31]}
Nf6 {[%clk 01:32:32]} {[%emt 00:00:15]} 6. Na3 {[%clk 01:31:11]} {[%emt
00:00:40]} Nc6 {[%clk 01:29:47]} {[%emt 00:03:15]} 7. Be3 {[%clk 01:29:05]}
{[%emt 00:02:36]} cxd4 {[%clk 01:25:25]} {[%emt 00:04:52]} 8. Nb5 {[%clk
01:28:37]} {[%emt 00:00:59]} Qd8 {[%clk 01:25:18]} {[%emt 00:00:37]} 9. Nbxd4
{[%clk 01:27:42]} {[%emt 00:01:24]} Nxd4 {[%clk 01:24:55]} {[%emt 00:00:54]}
10. Bxd4 {[%clk 01:23:46]} {[%emt 00:04:25]} Be7 {[%clk 01:23:06]} {[%emt
00:02:20]} 11. Bd3 {[%clk 01:21:40]} {[%emt 00:02:35]} O-O {[%clk 01:23:01]}
{[%emt 00:00:36]} 12. O-O {[%clk 01:12:12]} {[%emt 00:09:56]} b6 {[%clk
01:21:08]} {[%emt 00:02:25]} 13. Re1 {[%clk 01:08:48]} {[%emt 00:03:53]} Bb7
{[%clk 01:21:30]} {[%emt 00:00:08]} 14. Bb1 {[%clk 00:52:22]} {[%emt 00:16:56]}
Bc5 {[%clk 01:13:58]} {[%emt 00:08:02]} 15. a4 {[%clk 00:39:01]} {[%emt
00:13:50]} Bxf3 {[%clk 01:13:00]} {[%emt 00:01:29]} 16. Qxf3 {[%clk 00:27:04]}
{[%emt 00:12:26]} Bxd4 {[%clk 01:12:57]} {[%emt 00:00:34]} 17. Rd1 {[%clk
00:25:09]} {[%emt 00:02:25]} Bxf2+ {[%clk 01:13:01]} {[%emt 00:00:25]} 18. Kxf2
{[%clk 00:25:35]} {[%emt 00:00:06]} Qc7 {[%clk 01:13:05]} {[%emt 00:00:25]} 19.
Kg1 {[%clk 00:23:31]} {[%emt 00:02:34]} Rfd8 {[%clk 01:12:35]} {[%emt
00:01:00]} 20. Rf1 {[%clk 00:21:53]} {[%emt 00:02:08]} Rac8 {[%clk 01:11:04]}
{[%emt 00:02:00]} 21. Bd3 {[%clk 00:20:21]} {[%emt 00:02:03]} Rd6 {[%clk
01:09:57]} {[%emt 00:01:37]} 22. Rad1 {[%clk 00:17:34]} {[%emt 00:03:17]} Rcd8
{[%clk 01:06:12]} {[%emt 00:04:14]} 23. Qg3 {[%clk 00:15:42]} {[%emt 00:02:23]}
Qc5+ {[%clk 01:05:48]} {[%emt 00:00:54]} 24. Kh1 {[%clk 00:15:25]} {[%emt
00:00:47]} Kf8 {[%clk 01:02:15]} {[%emt 00:04:02]} 25. Qf3 {[%clk 00:13:36]}
{[%emt 00:02:20]} Qh5 {[%clk 01:00:49]} {[%emt 00:01:55]} 26. Qxh5 {[%clk
00:09:41]} {[%emt 00:04:26]} Nxh5 {[%clk 01:01:03]} {[%emt 00:00:16]} 27. Be2
{[%clk 00:09:28]} {[%emt 00:00:43]} Rxd1 {[%clk 01:00:56]} {[%emt 00:00:37]}
28. Rxd1 {[%clk 00:09:41]} {[%emt 00:00:18]} Rxd1+ {[%clk 01:01:18]} {[%emt
00:00:07]} 29. Bxd1 {[%clk 00:10:07]} {[%emt 00:00:04]} Nf4 {[%clk 01:01:31]}
{[%emt 00:00:16]} 30. Bc2 {[%clk 00:07:53]} {[%emt 00:02:45]} Ke7 {[%clk
01:00:09]} {[%emt 00:01:52]} 31. Kg1 {[%clk 00:06:44]} {[%emt 00:01:38]} g6
{[%clk 01:00:10]} {[%emt 00:00:29]} 32. Kf2 {[%clk 00:05:50]} {[%emt 00:01:25]}
f5 {[%clk 01:00:14]} {[%emt 00:00:27]} 33. c4 {[%clk 00:04:49]} {[%emt
00:01:31]} Kd6 {[%clk 00:59:44]} {[%emt 00:00:59]} 34. Kf3 {[%clk 00:04:06]}
{[%emt 00:01:12]} e5 {[%clk 00:59:48]} {[%emt 00:00:27]} 35. b4 {[%clk
00:03:27]} {[%emt 00:01:10]} Ne6 {[%clk 00:58:41]} {[%emt 00:01:37]} 36. Bb1
{[%clk 00:01:10]} {[%emt 00:02:47]} Nd4+ {[%clk 00:58:08]} {[%emt 00:01:02]}
37. Ke3 {[%clk 00:01:12]} {[%emt 00:00:28]} Nc6 {[%clk 00:58:30]} {[%emt
00:00:07]} 38. b5 {[%clk 00:00:52]} {[%emt 00:00:51]} Na5 {[%clk 00:58:48]}
{[%emt 00:00:13]} 39. Kd3 {[%clk 00:00:38]} {[%emt 00:00:43]} Kc5 {[%clk
00:59:14]} {[%emt 00:00:04]} 40. Ba2 {[%clk 00:00:47]} {[%emt 00:00:22]} Kb4
{[%clk 00:59:43]} 41. c5 {[%clk 00:13:58]} {[%emt 00:17:19]} bxc5 {[%clk
01:28:33]} {[%emt 00:01:40]} 42. Bg8 {[%clk 00:14:16]} {[%emt 00:00:12]} c4+
{[%clk 01:27:50]} {[%emt 00:01:14]} 43. Kc2 {[%clk 00:13:17]} {[%emt 00:01:28]}
e4 {[%clk 01:26:54]} {[%emt 00:01:25]} 44. Bxh7 {[%clk 00:12:15]} {[%emt
00:01:33]} f4 {[%clk 01:27:10]} {[%emt 00:00:14]} 45. Bxg6 {[%clk 00:10:38]}
{[%emt 00:02:07]} f3 {[%clk 01:27:38]} {[%emt 00:00:02]} 46. gxf3 {[%clk
00:09:57]} {[%emt 00:01:11]} exf3 {[%clk 01:27:41]} {[%emt 00:00:27]} 47. Be4
{[%clk 00:08:42]} {[%emt 00:01:45]} f2 {[%clk 01:28:09]} {[%emt 00:00:01]} 48.
Bg2 {[%clk 00:09:06]} {[%emt 00:00:07]} Nb3 {[%clk 01:27:56]} {[%emt 00:00:42]}
49. h4 {[%clk 00:08:17]} {[%emt 00:01:20]} Nd4+ {[%clk 01:28:20]} {[%emt
00:00:07]} 50. Kd2 {[%clk 00:07:10]} {[%emt 00:01:37]} c3+ {[%clk 01:28:49]}
51. Kc1 {[%clk 00:06:22]} {[%emt 00:01:18]} c2 {[%clk 01:29:18]} {[%emt
00:00:01]} 52. Kb2 {[%clk 00:05:21]} {[%emt 00:01:31]} Nf5 {[%clk 01:25:57]}
{[%emt 00:03:51]} 53. h5 {[%clk 00:05:21]} {[%emt 00:00:30]} Ne3 {[%clk
01:25:37]} {[%emt 00:00:50]} 54. Bh3 {[%clk 00:05:07]} {[%emt 00:00:43]} Kc4
{[%clk 01:23:32]} {[%emt 00:02:35]} 55. h6 {[%clk 00:03:51]} {[%emt 00:01:47]}
Kd3 {[%clk 01:23:58]} {[%emt 00:00:05]} 56. Kc1 {[%clk 00:02:48]} {[%emt
00:01:32]} f1=Q+ {[%clk 01:23:21]} {[%emt 00:01:06]} 57. Bxf1+ {[%clk
00:03:11]} {[%emt 00:00:07]} Nxf1 {[%clk 01:23:47]} {[%emt 00:00:05]} 58. h7
{[%clk 00:03:11]} {[%emt 00:00:30]} Ng3 {[%clk 01:24:15]} {[%emt 00:00:03]} 59.
h8=Q {[%clk 00:02:43]} {[%emt 00:00:58]} Ne2+ {[%clk 01:24:40]} {[%emt
00:00:04]} 60. Kb2 {[%clk 00:03:06]} {[%emt 00:00:07]} c1=Q+ {[%clk 01:25:00]}
{[%emt 00:00:10]} 61. Kb3 {[%clk 00:01:37]} {[%emt 00:01:59]} Nd4+ {[%clk
01:25:28]} {[%emt 00:00:02]} 62. Ka2 {[%clk 00:00:58]} {[%emt 00:01:09]} Qc2+
{[%clk 01:25:57]} {[%emt 00:00:01]} 0-1

[Event "DEM U14 2024"]
[Site "Willingen GER"]
[Date "2024.05.24"]
[Round "8"]
[White "Kaplan, Arne"]
[Black "Thümler, Floris"]
[Result "1-0"]
[Termination "normal"]
[Board "23"]
[WhiteElo "1756"]
[BlackElo "1938"]
[WhiteClock "00:17:25"]
[BlackClock "00:22:56"]
[PlyCount "63"]
[WhiteFideId "34625194"]
[BlackFideId "16296435"]
[EventCountry "GER"]
[EventRounds "9"]
[EventType "swiss"]
[EventDate "2024.05.18"]

1. e4 {[%clk 01:30:56]} {[%emt 00:00:03]} e5 {[%clk 01:30:57]} {[%emt
00:00:02]} 2. Nf3 {[%clk 01:31:11]} {[%emt 00:00:16]} Nc6 {[%clk 01:31:22]}
{[%emt 00:00:05]} 3. Bc4 {[%clk 01:31:27]} {[%emt 00:00:14]} Nf6 {[%clk
01:31:43]} {[%emt 00:00:10]} 4. Ng5 {[%clk 01:31:35]} {[%emt 00:00:20]} d5
{[%clk 01:31:59]} {[%emt 00:00:14]} 5. exd5 {[%clk 01:31:56]} {[%emt 00:00:09]}
Na5 {[%clk 01:32:24]} {[%emt 00:00:06]} 6. Bb5+ {[%clk 01:32:18]} {[%emt
00:00:07]} c6 {[%clk 01:32:44]} {[%emt 00:00:10]} 7. dxc6 {[%clk 01:32:37]}
{[%emt 00:00:11]} bxc6 {[%clk 01:33:07]} {[%emt 00:00:08]} 8. Qf3 {[%clk
01:32:57]} {[%emt 00:00:09]} Be7 {[%clk 01:33:20]} {[%emt 00:00:17]} 9. d3
{[%clk 01:31:58]} {[%emt 00:01:30]} O-O {[%clk 01:32:42]} {[%emt 00:01:08]} 10.
Ba4 {[%clk 01:29:46]} {[%emt 00:02:42]} Bb7 {[%clk 01:26:37]} {[%emt 00:06:35]}
11. Nc3 {[%clk 01:23:02]} {[%emt 00:07:14]} c5 {[%clk 01:21:12]} {[%emt
00:05:55]} 12. Qg3 {[%clk 01:21:47]} {[%emt 00:01:45]} h6 {[%clk 01:18:39]}
{[%emt 00:03:03]} 13. Nge4 {[%clk 01:19:13]} {[%emt 00:03:03]} Nxe4 {[%clk
01:17:33]} {[%emt 00:01:36]} 14. dxe4 {[%clk 01:18:43]} {[%emt 00:01:01]} Qd6
{[%clk 01:13:00]} {[%emt 00:05:02]} 15. O-O {[%clk 01:17:50]} {[%emt 00:01:22]}
Rfd8 {[%clk 01:10:32]} {[%emt 00:02:58]} 16. Be3 {[%clk 01:00:54]} {[%emt
00:17:28]} Kh7 {[%clk 01:09:27]} {[%emt 00:01:35]} 17. Rfd1 {[%clk 00:55:47]}
{[%emt 00:05:35]} Qe6 {[%clk 01:02:12]} {[%emt 00:07:44]} 18. Qf3 {[%clk
00:48:44]} {[%emt 00:07:35]} Rac8 {[%clk 00:55:34]} {[%emt 00:07:08]} 19. Nd5
{[%clk 00:41:47]} {[%emt 00:07:27]} Nc4 {[%clk 00:49:15]} {[%emt 00:06:44]} 20.
Bb3 {[%clk 00:39:43]} {[%emt 00:02:39]} Nxe3 {[%clk 00:46:57]} {[%emt
00:02:47]} 21. Nxe3 {[%clk 00:40:02]} {[%emt 00:00:13]} c4 {[%clk 00:46:17]}
{[%emt 00:01:09]} 22. Nxc4 {[%clk 00:34:39]} {[%emt 00:05:54]} Rxd1+ {[%clk
00:40:58]} {[%emt 00:05:49]} 23. Rxd1 {[%clk 00:34:12]} {[%emt 00:00:56]} Rxc4
{[%clk 00:40:34]} {[%emt 00:00:53]} 24. Bxc4 {[%clk 00:33:30]} {[%emt
00:01:13]} Qxc4 {[%clk 00:40:02]} {[%emt 00:01:02]} 25. Qf5+ {[%clk 00:29:13]}
{[%emt 00:04:48]} g6 {[%clk 00:39:04]} {[%emt 00:01:28]} 26. Qxe5 {[%clk
00:27:22]} {[%emt 00:02:20]} Qxc2 {[%clk 00:38:10]} {[%emt 00:01:24]} 27. Rf1
{[%clk 00:26:43]} {[%emt 00:01:07]} Bc5 {[%clk 00:37:43]} {[%emt 00:00:59]} 28.
Qe8 {[%clk 00:20:04]} {[%emt 00:07:07]} Bxf2+ {[%clk 00:26:07]} {[%emt
00:12:06]} 29. Rxf2 {[%clk 00:16:54]} {[%emt 00:03:40]} Qd1+ {[%clk 00:26:15]}
{[%emt 00:00:23]} 30. Rf1 {[%clk 00:17:15]} {[%emt 00:00:08]} Qd4+ {[%clk
00:26:35]} {[%emt 00:00:12]} 31. Kh1 {[%clk 00:17:19]} {[%emt 00:00:21]} h5
{[%clk 00:22:56]} {[%emt 00:04:14]} 32. Qxf7+ {[%clk 00:17:25]} {[%emt
00:00:22]} 1-0